Proceso contra Tzintzicha Tangaxoan, El Caltzontzin, formado por Nuño de Guzmán, año de 1530 /

Guardado en:
Detalles Bibliográficos
Autor principal: Guzmán, Nuño Beltrán de (autor)
Formato: Libro
Idioma:Español
Publicado: México : Porrúa y Obregón, 1952, c1952
Etiquetas: Agrega una etiqueta
Sin etiquetas, Sé el primero en etiquetar este registro!

MARC

LEADER 00000nam^a2200000^a^4500
001 000430135
005 20250526000000.0
009 20260310122916.633
037 |a Acervo ITESO - Biblioteca 
041 |a ESP 
091 |a FHM. 04815 
100 |a Guzmán, Nuño Beltrán de  |e (autor) 
245 1 0 |a Proceso contra Tzintzicha Tangaxoan, El Caltzontzin, formado por Nuño de Guzmán, año de 1530 / 
264 4 |a México :  |b Porrúa y Obregón,  |c 1952, c1952 
300 |a 68 p. ;  |c 24.0 cm. 
336 |a texto  |b txt  |2 rdacontenido 
337 |a sin mediación  |b n  |2 rdamedio 
338 |a volumen  |b nc  |2 rdasoporte 
649 |a XX 
910 |a Fondo Hugo B. Margáin 
920 |a Impresos - Libros 
930 |a Libros Antiguos y Raros 
905 |a 126 
901 |a 0500301598  |b IT2  |c LRA  |i D115546  |u 20250526 
902 |a https://opac.biblio.iteso.mx/vufind/Record/000430135